| 000 | 00745nam a2200241 a 4500 | ||
|---|---|---|---|
| 001 | BRCA_8074 | ||
| 005 | 20190320210123.0 | ||
| 008 | 030414s1966----nyua###f##---#001-0#eng-# | ||
| 041 | _aeng | ||
| 044 | _anyu | ||
| 050 | 4 |
_aNK1414 _b.S55 1966 |
|
| 100 | 1 |
_aShipway, Verna Cook _920067 |
|
| 245 | 1 | 0 |
_aDecorative design in Mexico Homes _cby Verna Cook Shipway and Warren Shipway. |
| 260 |
_aNueva York _bArchitectural Book Publishing _c1966 |
||
| 300 |
_a247 p. _bil. _c29 cm. |
||
| 500 | _aY103 | ||
| 650 | 1 | 4 |
_aDecoración y ornamentación _zMéxico _95596 |
| 650 | 1 | 4 |
_aDecoración de interiores _zMéxico _920068 |
| 650 | 1 | 4 |
_aArtes decorativas _zMéxico _93532 |
| 700 | 1 |
_aShipway, Warren _ecoaut. _920069 |
|
| 902 | _aGFM | ||
| 942 |
_2lcc _cB |
||
| 999 |
_c7742 _d7742 |
||